Miracle hill. (Record no. 52184)

MARC details
000 -LEADER
fixed length control field 00890cam a22002771 4500
001 - CONTROL NUMBER
control field rc 01001799
003 - CONTROL NUMBER IDENTIFIER
control field DLC
005 - DATE AND TIME OF LATEST TRANSACTION
control field 20260227111904.0
007 - PHYSICAL DESCRIPTION FIXED FIELD--GENERAL INFORMATION
fixed length control field cr_|||||||||||
008 - FIXED-LENGTH DATA ELEMENTS--GENERAL INFORMATION
fixed length control field 800911s1889 wiuaf 000 0 eng
010 ## - LIBRARY OF CONGRESS CONTROL NUMBER
LC control number rc 01001799
017 ## - COPYRIGHT OR LEGAL DEPOSIT NUMBER
Copyright or legal deposit number 1889: 1357
035 ## - SYSTEM CONTROL NUMBER
System control number (OCoLC)6701628
040 ## - CATALOGING SOURCE
Original cataloging agency DLC
Transcribing agency ICTU
Modifying agency DLC
042 ## - AUTHENTICATION CODE
Authentication code premarc
043 ## - GEOGRAPHIC AREA CODE
Geographic area code n-us-wi
050 00 - LIBRARY OF CONGRESS CALL NUMBER
Classification number BX2321.H6
Item number A7
082 ## - DEWEY DECIMAL CLASSIFICATION NUMBER
Classification number 282.77591
100 1# - MAIN ENTRY--PERSONAL NAME
Personal name Armstrong, William Ayres.
245 10 - TITLE STATEMENT
Title Miracle hill.
Remainder of title A legendary tale of Wisconsin.
Statement of responsibility, etc. By W. A. Armstrong ...
260 ## - PUBLICATION, DISTRIBUTION, ETC.
Place of publication, distribution, etc. Milwaukee, Wis.,
Name of publisher, distributor, etc. Cramer, Aikens & Cramer, engravers and printers,
Date of publication, distribution, etc. 1889.
300 ## - PHYSICAL DESCRIPTION
Extent 73 p.
Other physical details incl. illus., plates.
Dimensions 22 cm.
530 ## - ADDITIONAL PHYSICAL FORM AVAILABLE NOTE
Additional physical form available note Also available in digital form on the Internet Archive Web site.
651 #0 - SUBJECT ADDED ENTRY--GEOGRAPHIC NAME
Geographic name Holy Hill, Washington Co., Wis.
856 41 - ELECTRONIC LOCATION AND ACCESS
Uniform Resource Identifier <a href="http://hdl.loc.gov/loc.gdc/scd0001.00297349144">http://hdl.loc.gov/loc.gdc/scd0001.00297349144</a>

No items available.

Powered by Koha